Piper Airplanes by Picture - Statistics

General Stats
  • This quiz has been taken 59 times
    47 since last reset
  • The average score is 10 of 28
Answer Stats
Picture Answer % Correct
J-3 Cub
89%
PA-28 Archer
57%
PA-28 Cherokee
57%
PA-28 Warrior
54%
PA-46 Meridian
51%
PA-60 Aerostar
51%
PA-44 Seminole
49%
PA-18 Super Cub
43%
PA-28 Arrow
43%
PA-38 Tomahawk
43%
PA-46 Malibu
43%
PA-30 Twin Comanche
40%
M700 Fury
37%
PA-24 Comanche
34%
PA-25 Pawnee
34%
PA-32R Saratoga
34%
PA-34 Seneca
31%
PA-23 Aztec
29%
PA-31 Navajo
26%
PA-32 Cherokee Six
23%
PA-14 Family Cruiser
17%
PA-15/17 Vagabond
17%
PA-20/22 Pacer/Tri Pacer
17%
PA-16 Clipper
11%
PA-36 Pawnee Brave
11%
PA-42 Cheyenne
11%
PA-31T Cheyenne II
9%
PA-32 Apache
9%
No matching quizzes found
Score Distribution
Percent of People with Each Score
Percentile by Number Answered
Your Score History
You have not taken this quiz since the last reset